000 00529cam a2200193 a 4500
001 000018116
005 20200929165348.0
008 750619s1972 xxc 000 0 fre d
040 _aDO-SdBNP
_bfre
_cLC
_dBNPHU
042 _apremarc
050 0 0 _aPQ3919.2.B433
_bI5
082 _ann*
_bB384i
100 1 _aBeausoleil, Claude.
_939260
245 1 0 _aIntrusion ralentie /
_cClaude Beausoleil.
260 _aMontréal :
_bDu Jour,
_c1972.
300 _a132 p. ;
_c20 cm.
910 _aCatalogación por copia / LC
049 _aBNGR
999 _c17637
_d17637